| 000 | 00440 a2200181 4500 | ||
|---|---|---|---|
| 999 |
_c12289 _d12289 |
||
| 003 | OSt | ||
| 005 | 20231117151650.0 | ||
| 008 | 231117b ||||| |||| 00| 0 eng d | ||
| 020 | _a9780632047727 | ||
| 040 | _aBMSCA | ||
| 041 | _aeng. | ||
| 082 |
_223 _a333.714 _bPET |
||
| 100 | _aPETTS, JUDITH | ||
| 245 | _aHANDBOOK OF ENVIRONMENTAL IMPACT ASSESSMENT: Vol.1 | ||
| 260 |
_bWiley-Blackwell; _c1999 |
||
| 300 | _a484,p.: | ||
| 942 | _2ddc | ||